000 00975nac a22002651u 4500
010 _a 2006050317
020 _a0132321033 ( case)
020 _a0132408902 (pbk.)
082 0 0 _a729
_bPIL
090 _c8929
_d8929
100 _aPile, John F.
245 1 0 _aInterior design /
_cJohn F. Pile.
250 _a4th ed.
260 _aUpper Saddle River, N.J. :
_bPearson,2007.
_cc2007.
300 _a608 p.
_bill. (some col.), plans (some col.) ;
_c26 cm.
500 _a3rd ed. published as: Interior design : an introduction to architectural interiors. 1982.
500 _a Distributer: Bacca
504 _aIncludes bibliographical references and index.
511 _aCatalogued by: Sara
650 0 _aInterior decoration.
650 0 _aInterior architecture.
700 1 _aFriedmann, Arnold.
942 _cBB
_k729PIL
999 _c8929
_d8929